| 000 | 00686nam a22002417a 4500 | ||
|---|---|---|---|
| 003 | 0 | ||
| 005 | 20180703154402.0 | ||
| 008 | 0 | ||
| 010 | _aB-098464 | ||
| 020 |
_c00.00 _a8178790378 |
||
| 035 | _aB-098464, B-098466 | ||
| 037 | _bCen Lib/Ret | ||
| 040 |
_aDPL _bEN _c0 |
||
| 082 |
_a793 _bTHA |
||
| 100 |
_aThani, Yograj _924310 |
||
| 245 |
_aIndoor sports / _cby Yograj Thani |
||
| 260 |
_aNew Delhi _bSports Publications _c2002 |
||
| 270 |
_bNew Delhi _a4264/3, Ansari Road, Darya Ganj _e110002 |
||
| 300 |
_a143p. _c21cm(Hb) |
||
| 650 |
_aAmerican wit and humor, Pictorial _924311 |
||
| 650 |
_aCaricatures and cartoons _924312 |
||
| 942 |
_2ddc _cEN _h793 _mTHA |
||
| 999 |
_c128749 _d128749 |
||